000
00302nam a22001337a 4500
008
190226b xxu||||| |||| 00| 0 eng d
020
_a
9780155019973
041
_a
eng
080
_2
7th
_a
371
100
_a
46
101
_a
EDU
245
_a
Improving college reading
_c
Jacobus,L.A
942
_2
udc
_c
BK
999
_c
54265
_d
54265